Five Biggest Countries by Random Letter - Statistics

General Stats
  • This quiz has been taken 138 times
  • The average score is 17 of 25
Answer Stats
Letter Countries % Correct
C China
100%
E Estonia
100%
U Ukraine
100%
U United Kingdom
100%
I India
90%
G Germany
89%
D Denmark
86%
P Poland
86%
U United States
83%
U Uzbekistan
83%
S Somalia
80%
S South Africa
80%
A Algeria
75%
C Chile
75%
B Belarus
71%
B Bolivia
71%
B Botswana
71%
B Brazil
71%
P Paraguay
71%
I Indonesia
70%
I Iran
70%
T Tanzania
70%
T Turkey
70%
T Turkmenistan
70%
G Gabon
67%
K Kenya
67%
K Kyrgyzstan
67%
U Uganda
67%
A Argentina
63%
A Australia
63%
C Canada
63%
C Colombia
63%
L Libya
63%
M Mali
63%
M Mauritania
63%
E Egypt
60%
E Eritrea
60%
E Ethiopia
60%
I Iraq
60%
I Italy
60%
S Saudi Arabia
60%
S South Sudan
60%
S Sudan
60%
B Burkina Faso
57%
D Djibouti
57%
G Ghana
56%
G Guinea
56%
K Kazakhstan
56%
L Laos
50%
L Latvia
50%
L Liberia
50%
L Lithuania
50%
M Mongolia
50%
N Namibia
50%
N New Zealand
50%
T Thailand
50%
T Tunisia
50%
G Guyana
44%
K Kosovo
44%
K Kuwait
44%
D Dominica
43%
D Dominican Republic
43%
P Pakistan
43%
P Papua New Guinea
43%
P Peru
43%
E Ecuador
40%
A Afghanistan
38%
N Niger
38%
N Nigeria
38%
N Norway
38%
D D.R. Congo
29%
A Angola
25%
C Chad
25%
M Mexico
25%
M Mozambique
25%
No matching quizzes found
Score Distribution
Percent of People with Each Score
Percentile by Number Answered
Your Score History
You have not taken this quiz